| 000 | 00628nam a2200217Ia 4500 | ||
|---|---|---|---|
| 003 | GCL | ||
| 008 | 140319s9999 xx 000 0 ara d | ||
| 040 |
_aGCL / _cGCL |
||
| 082 | 0 | 4 |
_aق _b902 _bهـ ت |
| 100 | 1 | _aهند اسكندر عمون | |
| 245 | 1 | 0 |
_aتاريخ مصر / _cهند اسكندر عمون |
| 260 |
_a[S.N] : _bدار الكتب المصرية ، _c1923 |
||
| 300 | _a232 ص | ||
| 490 | _a | ||
| 650 | 0 | 4 | _aمصر |
| 650 | 0 | 4 | _aتاريخ |
| 650 | 0 | 4 | _aالتاريخ الاسلامى |
| 650 | 0 | 4 | _aالحضارة الفرعونية |
| 650 | 0 | 4 | _aالحضارة الاسلامية |
| 942 |
_2ddc _cBK |
||
| 999 |
_c58443 _d58443 |
||